[Event "Grand Prix Finals D"]
[Site "Winnipeg CAN"]
[Date "2006.11.14"]
[Round "2"]
[White "Booth, Kevin"]
[Black "Anderson, George"]
[Result "1/2-1/2"]
[WhiteElo "1570"]
[BlackElo "1464"]
[PlyCount "119"]
[EventDate "2006.11.07"]
[EventType "tourn"]
[EventRounds "6"]
[EventCountry "CAN"]

1. d4 e6 2. c4 Nf6 3. Nc3 g6 4. Bg5 Bg7 5. Nf3 d6 6. e3 b6 7. Be2 O-O 8. O-O
Bb7 9. Nd2 Qd7 10. Bf3 Nc6 11. Bxf6 Bxf6 12. Qa4 Qe8 13. Nb5 Qd7 14. Rac1 a6
15. Nc3 Rab8 16. Nce4 Be7 17. d5 f5 18. Ng3 Ne5 19. Qxd7 Nxd7 20. dxe6 Bxf3 21.
Nxf3 Nc5 22. Nd4 Bf6 23. Nge2 Rfe8 24. Nf4 Bxd4 25. exd4 Nxe6 26. Nxe6 Rxe6 27.
Rfe1 Rbe8 28. Kf1 Kf7 29. Rxe6 Rxe6 30. Re1 c5 31. dxc5 bxc5 32. Rxe6 Kxe6 33.
Ke2 a5 34. b3 g5 35. Ke3 h5 36. g3 d5 37. cxd5+ Kxd5 38. h4 f4+ 39. Kd3 fxg3
40. fxg3 g4 41. a3 Ke5 42. Kc4 Ke4 43. Kxc5 Kf3 44. b4 axb4 45. axb4 Kxg3 46.
b5 Kxh4 47. b6 g3 48. b7 g2 49. b8=Q g1=Q+ 50. Kd5 Qd1+ 51. Ke4 Qg4+ 52. Kd5
Kh3 53. Qb1 Kh2 54. Qb8+ Qg3 55. Qh8 h4 56. Qh5 h3 57. Qd1 Qg2+ 58. Kc4 Qg1 59.
Qe2+ Kh1 60. Qf3+ 1/2-1/2

[Event "Grand Prix Finals D"]
[Site "Winnipeg CAN"]
[Date "2006.11.14"]
[Round "2"]
[White "Wasserman, Leor"]
[Black "Gibbons, Lorne"]
[Result "1-0"]
[WhiteElo "1338"]
[BlackElo "1275"]
[PlyCount "73"]
[EventDate "2006.11.07"]
[EventType "tourn"]
[EventRounds "6"]
[EventCountry "CAN"]

1. e4 e5 2. Nf3 Nc6 3. Bc4 h6 4. O-O Bc5 5. Bb3 Nf6 6. Nxe5 Nxe5 7. d4 Bxd4 8.
Qxd4 d6 9. f4 Nc6 10. Qc4 Be6 11. Qb5 Rb8 12. Nc3 O-O 13. Be3 Re8 14. Rad1 Bd7
15. Qc4 Be6 16. Qa4 Bd7 17. f5 a6 18. Qc4 Ne5 19. Qe2 Bb5 20. Nxb5 axb5 21. Bd4
c6 22. Rfe1 Qe7 23. Qd2 Rbd8 24. a3 c5 25. Bf2 c4 26. Ba2 Neg4 27. h3 Nxf2 28.
Qxf2 Nxe4 29. Qb6 Qf6 30. Qxb5 Re5 31. Qxb7 Qxf5 32. Rf1 Qg6 33. Bxc4 Ng5 34.
Rd3 Ne6 35. Rdf3 f6 36. Qe7 Qf7 37. Bxe6 1-0

[Event "Grand Prix Finals D"]
[Site "Winnipeg CAN"]
[Date "2006.11.21"]
[Round "3"]
[White "Anderson, George"]
[Black "Wasserman, Leor"]
[Result "0-1"]
[WhiteElo "1464"]
[BlackElo "1338"]
[PlyCount "75"]
[EventDate "2006.11.07"]
[EventType "tourn"]
[EventRounds "6"]
[EventCountry "CAN"]

1. e4 e5 2. Nf3 Nc6 3. Bc4 Nf6 4. Nc3 Bc5 5. h3 d6 6. d3 Be6 7. Nd5 Na5 8. b4
Nxc4 9. bxc5 Na5 10. cxd6 cxd6 11. Bg5 Bxd5 12. exd5 h6 13. Bh4 g5 14. Bg3 Nxd5
15. c4 Nf4 16. Bxf4 gxf4 17. O-O Qd7 18. c5 f6 19. cxd6 Qxd6 20. Qa4+ Nc6 21.
Qe4 O-O-O 22. Rfd1 Rhe8 23. a4 Nd4 24. Rdc1+ Kb8 25. Rab1 Qd5 26. Nxd4 Qxe4 27.
Nc6+ Qxc6 28. Rxc6 Rf8 29. Rc3 Rd4 30. Ra3 Rfd8 31. Rbb3 h5 32. f3 R4d6 33. a5
a6 34. Kf2 Rg8 35. Rb1 Rd7 36. Rb6 f5 37. Re6 Rdg7 38. g4 0-1

[Event "Grand Prix Finals D"]
[Site "Winnipeg CAN"]
[Date "2006.11.28"]
[Round "4"]
[White "Booth, Kevin"]
[Black "Gibbons, Lorne"]
[Result "1-0"]
[WhiteElo "1570"]
[BlackElo "1275"]
[PlyCount "99"]
[EventDate "2006.11.07"]
[EventType "tourn"]
[EventRounds "6"]
[EventCountry "CAN"]

1. d4 d5 2. c4 e6 3. Nf3 c5 4. cxd5 exd5 5. Nc3 cxd4 6. Qxd4 Nc6 7. Qxd5 Qxd5
8. Nxd5 Bd6 9. e4 Be6 10. Bb5 a6 11. Ba4 b5 12. Bb3 Nge7 13. Bg5 f6 14. Bd2 a5
15. Nxe7 Kxe7 16. Bxe6 Kxe6 17. Rc1 Ne7 18. Nd4+ Ke5 19. Nxb5 Rhd8 20. Nxd6
Rxd6 21. Bc3+ Kxe4 22. O-O Kf5 23. Rcd1 Nd5 24. Rd4 a4 25. Rfd1 Ke6 26. Re1+
Kd7 27. Red1 Kc6 28. g3 Rad8 29. Rxa4 Nxc3 30. Rxd6+ Rxd6 31. bxc3 g6 32. Ra6+
Kd5 33. Rxd6+ Kxd6 34. Kg2 Kc5 35. a4 f5 36. Kf3 g5 37. g4 f4 38. Ke4 h6 39. h4
gxh4 40. Kxf4 Kb6 41. c4 Kc6 42. a5 Kb7 43. c5 Ka7 44. c6 Kb8 45. a6 h3 46. Kg3
h2 47. Kxh2 h5 48. gxh5 Kc7 49. a7 Kxc6 50. a8=Q+ 1-0

[Event "Grand Prix Finals D"]
[Site "Winnipeg CAN"]
[Date "2006.12.05"]
[Round "5"]
[White "Anderson, George"]
[Black "Booth, Kevin"]
[Result "1-0"]
[WhiteElo "1464"]
[BlackElo "1570"]
[PlyCount "79"]
[EventDate "2006.11.07"]
[EventType "tourn"]
[EventRounds "6"]
[EventCountry "CAN"]

1. b4 e6 2. b5 d5 3. a4 a6 4. Bb2 axb5 5. axb5 Rxa1 6. Bxa1 Nf6 7. e3 c6 8. Nf3
Bd7 9. Nc3 Qa5 10. bxc6 Bxc6 11. Bd3 Nbd7 12. O-O Bd6 13. Nd4 O-O 14. Nxc6 bxc6
15. Ne2 c5 16. c4 Ra8 17. cxd5 Nxd5 18. Nc3 N7f6 19. Ne4 Be7 20. Bc3 Qa3 21.
Qf3 Qb3 22. Nxf6+ Nxf6 23. Qxa8+ Bf8 24. Bxf6 gxf6 25. Qe4 f5 26. Bc2 Qb2 27.
Qc4 Qe5 28. d4 cxd4 29. Qxd4 Qc7 30. Qd3 Bd6 31. h3 Be7 32. e4 Qe5 33. Qg3+
Qxg3 34. fxg3 fxe4 35. Bxe4 Bd6 36. g4 Kg7 37. Kf2 h6 38. Kf3 Be7 39. Rb1 Bg5
40. Rb7 1-0

[Event "Grand Prix Finals D"]
[Site "Winnipeg CAN"]
[Date "2006.12.05"]
[Round "5"]
[White "Gibbons, Lorne"]
[Black "Wasserman, Leor"]
[Result "0-1"]
[WhiteElo "1275"]
[BlackElo "1338"]
[PlyCount "29"]
[EventDate "2006.11.07"]
[EventType "tourn"]
[EventRounds "6"]
[EventCountry "CAN"]

1. d4 d5 2. c4 e6 3. a3 c5 4. dxc5 Bxc5 5. b4 Be7 6. cxd5 exd5 7. Be3 Nf6 8. g3
Nc6 9. f4 Qc7 10. Bg2 Be6 11. Nc3 Nxb4 12. Bd2 Nc6 13. Be3 Rd8 14. Nf3 Ne4 15.
Qc2 0-1

[Event "Grand Prix Finals D"]
[Site "Winnipeg CAN"]
[Date "2006.12.12"]
[Round "6"]
[White "Gibbons, Lorne"]
[Black "Anderson, George"]
[Result "0-1"]
[WhiteElo "1275"]
[BlackElo "1464"]
[PlyCount "40"]
[EventDate "2006.11.07"]
[EventType "tourn"]
[EventRounds "6"]
[EventCountry "CAN"]

1. d4 a6 2. e4 e6 3. Bf4 d5 4. exd5 Qxd5 5. c3 Bd6 6. Bxd6 cxd6 7. Nd2 Nf6 8.
f3 Nc6 9. Bc4 Qg5 10. Qe2 O-O 11. O-O-O Nd5 12. Bxd5 Qxd5 13. Nb3 a5 14. c4
Qg5+ 15. Qd2 Qg6 16. g3 Nb4 17. Qe2 Nxa2+ 18. Kd2 Nb4 19. Na1 a4 20. Nh3 e5 0-1

[Event "Holiday op"]
[Site "Toronto CAN"]
[Date "2006.12.26"]
[Round "1"]
[White "Ferreira, Alex"]
[Black "Orlova, Yelizaveta"]
[Result "1-0"]
[WhiteElo "2092"]
[BlackElo "1895"]
[PlyCount "53"]
[EventDate "2006.12.26"]
[EventType "swiss"]
[EventRounds "5"]
[EventCountry "CAN"]

1. g4 c5 2. c4 Nc6 3. e3 g6 4. Nc3 Bg7 5. Nge2 Ne5 6. Ng3 d6 7. h3 Bd7 8. d4
cxd4 9. exd4 Nc6 10. d5 Nb4 11. Be3 Na6 12. Bd4 f6 13. g5 Kf7 14. h4 Nc7 15.
Nce4 Qf8 16. Nh5 Re8 17. Qf3 Bf5 18. Neg3 e5 19. Bxa7 Ne7 20. Bb6 Na8 21. Ba5
e4 22. Qf4 e3 23. gxf6 exf2+ 24. Kd2 Bxf6 25. Nxf6 Kxf6 26. Bc3+ Kf7 27. Qd4
1-0

[Event "Holiday op"]
[Site "Toronto CAN"]
[Date "2006.12.27"]
[Round "2"]
[White "Ferreira, Alex"]
[Black "Southam, David"]
[Result "1/2-1/2"]
[WhiteElo "2092"]
[BlackElo "2210"]
[PlyCount "83"]
[EventDate "2006.12.26"]
[EventType "swiss"]
[EventRounds "5"]
[EventCountry "CAN"]

1. d4 e6 2. d5 exd5 3. Qxd5 Nf6 4. Qb3 b6 5. Bg5 Be7 6. Nd2 O-O 7. e3 d5 8. Be2
Bb7 9. Bf3 Nbd7 10. c4 dxc4 11. Nxc4 Nc5 12. Qc2 Bxf3 13. gxf3 Qd5 14. Bh4 Ne6
15. Rd1 Qh5 16. Bg3 Rfe8 17. Kf1 Rad8 18. Rxd8 Rxd8 19. Kg2 Qc5 20. Qb3 b5 21.
Na3 a6 22. Ne2 Qd5 23. Qxd5 Rxd5 24. Nb1 c5 25. Nec3 Rd3 26. Kf1 Kf8 27. Ke2
Rd7 28. Nd2 Nd5 29. Nxd5 Rxd5 30. Ne4 c4 31. Rd1 Rxd1 32. Kxd1 f5 33. Nc3 Bf6
34. Kc2 f4 35. Bxf4 Nxf4 36. exf4 Bd4 37. Nd5 Bxf2 38. Nc7 Bg1 39. h3 Bh2 40.
Nxa6 Bxf4 41. Nc5 Ke7 42. b3 1/2-1/2

[Event "Holiday op"]
[Site "Toronto CAN"]
[Date "2007.12.28"]
[Round "3"]
[White "Dattani, Dinesh"]
[Black "Orlova, Yelizaveta"]
[Result "0-1"]
[WhiteElo "1347"]
[BlackElo "1895"]
[PlyCount "63"]
[EventDate "2006.12.26"]
[EventType "swiss"]
[EventRounds "5"]
[EventCountry "CAN"]

1. d4 c5 2. Nf3 g6 3. c4 Bg7 4. e3 Nf6 5. Nc3 O-O 6. Be2 d6 7. O-O Nbd7 8. Bd2
a6 9. b3 Ne8 10. Qc2 Nc7 11. a4 f5 12. dxc5 Nxc5 13. Rac1 a5 14. e4 N7a6 15.
exf5 Bxf5 16. Qd1 Nb4 17. Nd4 Bxd4 18. Bf4 e5 19. Bh6 Rf7 20. Bg4 Bd3 21. Ne2
Bxe2 22. Bxe2 Qh4 23. Bd2 Nbd3 24. Bxd3 Nxd3 25. Be3 Nxc1 26. Bxd4 Qxd4 27.
Qxd4 exd4 28. Rxc1 Raf8 29. f3 g5 30. Rd1 g4 31. Kf2 gxf3 32. gxf3 0-1

[Event "Holiday op"]
[Site "Toronto CAN"]
[Date "2006.12.28"]
[Round "3"]
[White "Kagramanov, Dalia"]
[Black "Ferreira, Alex"]
[Result "1-0"]
[WhiteElo "1756"]
[BlackElo "2092"]
[PlyCount "70"]
[EventDate "2006.12.26"]
[EventType "swiss"]
[EventRounds "5"]
[EventCountry "CAN"]

1. e4 Nf6 2. e5 Nd5 3. c4 Nb6 4. d4 d6 5. exd6 exd6 6. Nf3 Bg4 7. Nc3 c6 8. Be3
d5 9. cxd5 Nxd5 10. Bc4 Bb4 11. O-O Bxc3 12. bxc3 O-O 13. Bd3 Nxc3 14. Bxh7+
Kh8 15. Qd3 Bxf3 16. gxf3 Qh4 17. Qxc3 Qxh7 18. Kh1 Qf5 19. Bd2 Nd7 20. Rg1 f6
21. Rg4 Nb6 22. Rag1 Nd5 23. Qb3 Rf7 24. Rh4+ Kg8 25. Bh6 g5 26. Rh5 Qd7 27.
Qb1 Nf4 28. Rh4 Rh7 29. Bxg5 fxg5 30. Rxg5+ Kh8 31. Rxf4 Qh3 32. Qg1 Re8 33.
Rg3 Qe6 34. d5 cxd5 35. Qa1+ Qe5 1-0

[Event "Holiday op"]
[Site "Toronto CAN"]
[Date "2006.12.29"]
[Round "4"]
[White "Souchko, Larissa"]
[Black "Ferreira, Alex"]
[Result "0-1"]
[WhiteElo "1600"]
[BlackElo "2092"]
[PlyCount "40"]
[EventDate "2006.12.26"]
[EventType "swiss"]
[EventRounds "5"]
[EventCountry "CAN"]

1. d4 d5 2. c4 e5 3. e3 dxc4 4. Nc3 exd4 5. exd4 Nf6 6. Bxc4 Be7 7. Nf3 Bg4 8.
d5 O-O 9. O-O Nbd7 10. Re1 Bd6 11. Qc2 Bxf3 12. gxf3 Ne5 13. Qe2 Qd7 14. Bf4
Rae8 15. Bxe5 Rxe5 16. Qf1 Rg5+ 17. Kh1 Qf5 18. Be2 Rh5 19. Ne4 Nxe4 20. fxe4
Rxh2+ 0-1

[Event "Holiday op"]
[Site "Toronto CAN"]
[Date "2006.12.30"]
[Round "5"]
[White "Ferreira, Alex"]
[Black "Jelovac, Ivko"]
[Result "1/2-1/2"]
[WhiteElo "2092"]
[BlackElo "1850"]
[PlyCount "44"]
[EventDate "2006.12.26"]
[EventType "swiss"]
[EventRounds "5"]
[EventCountry "CAN"]

1. e4 c5 2. Nf3 Nc6 3. d4 cxd4 4. Nxd4 Nf6 5. Nc3 e5 6. Nb3 Bb4 7. Bd3 O-O 8.
Bd2 d5 9. Nxd5 Nxd5 10. exd5 Qxd5 11. f3 f5 12. Qe2 Bxd2+ 13. Nxd2 Kh8 14. Bc4
Qa5 15. c3 Bd7 16. O-O-O Qc7 17. Rhe1 b5 18. Bd5 b4 19. c4 Rae8 20. Qf2 Na5 21.
b3 Be6 22. Nf1 Bc8 1/2-1/2

[Event "Holiday op"]
[Site "Toronto CAN"]
[Date "2006.12.30"]
[Round "6"]
[White "Benson, Chris"]
[Black "Lung, Stephen"]
[Result "1-0"]
[WhiteElo "1952"]
[BlackElo "1529"]
[PlyCount "97"]
[EventDate "2006.12.26"]
[EventType "swiss"]
[EventRounds "5"]
[EventCountry "CAN"]

1. e4 e5 2. Nf3 Nc6 3. Bb5 a6 4. Ba4 Nf6 5. O-O b5 6. Bb3 d6 7. a4 Bg4 8. d3
Nd4 9. Nbd2 Nxb3 10. Nxb3 Be7 11. h3 Bh5 12. Re1 O-O 13. Nbd2 Nd7 14. Nf1 h6
15. Ng3 Bg6 16. Be3 Re8 17. c3 Nf6 18. Nh4 Bh7 19. Nhf5 Bf8 20. Qf3 Nd7 21.
axb5 axb5 22. Rxa8 Qxa8 23. Nxh6+ gxh6 24. Qg4+ Bg6 25. Qxd7 c6 26. Qg4 Kh7 27.
Kh2 d5 28. Qf3 Qa2 29. Re2 b4 30. h4 Kg8 31. h5 Bh7 32. Qg4+ Kh8 33. Qd7 Re7
34. Qd8 Bg8 35. Qxf8 dxe4 36. Bxh6 f6 37. Qxe7 Qf7 38. Qxf7 Bxf7 39. Rxe4 bxc3
40. bxc3 Kh7 41. Be3 Bd5 42. Rb4 Be6 43. Rb7+ Kh8 44. Rc7 f5 45. Bg5 f4 46. Ne4
Bf5 47. h6 Bh7 48. Nf6 Bxd3 49. Rc8# 1-0

[Event "Holiday op"]
[Site "Toronto CAN"]
[Date "2006.12.30"]
[Round "6"]
[White "Lung, Patrick"]
[Black "Pancer, Jeff"]
[Result "1-0"]
[WhiteElo "1436"]
[BlackElo "1213"]
[PlyCount "85"]
[EventDate "2006.12.26"]
[EventType "swiss"]
[EventRounds "5"]
[EventCountry "CAN"]

1. e4 e6 2. d4 d6 3. Nc3 a6 4. Bc4 h6 5. f4 g6 6. Nf3 Bg7 7. Be3 b5 8. Bb3 Qd7
9. Qe2 Bb7 10. O-O Ne7 11. Qd3 b4 12. Ne2 a5 13. c3 bxc3 14. Nxc3 Ba6 15. Bc4
Bxc4 16. Qxc4 f5 17. d5 exd5 18. exd5 Na6 19. a3 Bf6 20. Bd4 Bxd4+ 21. Nxd4 Kf7
22. Rae1 Nc5 23. Nc6 Rhe8 24. Re2 Kf8 25. Nd4 Ng8 26. Ne6+ Nxe6 27. dxe6 Qc8
28. Nd5 Rxe6 29. Nb6 cxb6 30. Qxe6 Qc5+ 31. Kh1 Kg7 32. Qd7+ Kh8 33. Re6 Qd4
34. Rxg6 Qxb2 35. Qxd6 Re8 36. h3 h5 37. Rd1 b5 38. Qd4+ Qxd4 39. Rxd4 Kh7 40.
Rb6 b4 41. a4 h4 42. Rb7+ Kh8 43. Rd5 1-0

[Event "Holidays op"]
[Site "Toronto CAN"]
[Date "2006.12.26"]
[Round "1"]
[White "Shah, Omar"]
[Black "Kimelman, Michael"]
[Result "0-1"]
[WhiteElo "1977"]
[BlackElo "2267"]
[PlyCount "72"]
[EventDate "2006.12.26"]
[EventType "swiss"]
[EventRounds "6"]
[EventCountry "CAN"]

1. e4 c5 2. Nf3 e6 3. d4 cxd4 4. Nxd4 Nf6 5. Nc3 Nc6 6. g3 Bb4 7. Bg2 d5 8. O-O
Bxc3 9. bxc3 O-O 10. exd5 Nxd5 11. Nxc6 bxc6 12. c4 Qf6 13. Bd2 Ne7 14. Bb4 Ba6
15. Qd6 Rfe8 16. Qc5 Rac8 17. Rfd1 Nf5 18. Ba5 e5 19. Bh3 Nd4 20. c3 Nf3+ 21.
Kg2 Ng5 22. Bg4 h5 23. Rd6 Qe7 24. Bf5 g6 25. Bc2 Bxc4 26. Rxg6+ fxg6 27. Qxc4+
Qf7 28. Qh4 Qf6 29. Bb3+ Kg7 30. Rd1 Rf8 31. Rd7+ Kh6 32. f4 exf4 33. g4 f3+
34. Kf1 Qe5 35. Bc4 f2 36. Rd1 Qe4 0-1

[Event "Hollowach Challenge"]
[Site "Edmonton CAN"]
[Date "2006.05.11"]
[Round "2"]
[White "Hughey, Micah"]
[Black "Pedersen, Rick"]
[Result "1-0"]
[WhiteElo "2020"]
[BlackElo "1801"]
[PlyCount "97"]
[EventDate "2006.05.04"]
[EventType "swiss"]
[EventRounds "4"]
[EventCountry "CAN"]

1. d4 Nf6 2. Nf3 g6 3. c4 Bg7 4. Nc3 d6 5. e4 O-O 6. Be2 e5 7. dxe5 dxe5 8.
Qxd8 Rxd8 9. Bg5 Re8 10. O-O-O c6 11. Rd6 Nbd7 12. Rhd1 h6 13. Bh4 g5 14. Bg3
a5 15. Ne1 Bf8 16. R6d2 a4 17. Nc2 b6 18. f3 Be7 19. Ne3 Bb4 20. Nf5 a3 21.
Nxh6+ Kf8 22. Rc2 axb2+ 23. Kxb2 Nc5 24. Bf2 Bxc3+ 25. Kxc3 Nfxe4+ 26. fxe4
Nxe4+ 27. Kb2 Kg7 28. Ng4 Bxg4 29. Bxg4 Ra4 30. Be3 Rea8 31. Ra1 Rb4+ 32. Kc1
Kg6 33. Bf3 Nd6 34. Bxc6 Rc8 35. Bd5 f5 36. Rb1 Rxb1+ 37. Kxb1 f4 38. Bxb6 Kf5
39. c5 Nb5 40. a4 Na3+ 41. Kc1 e4 42. Rc3 Ke5 43. Ba2 g4 44. Rxa3 g3 45. hxg3
e3 46. gxf4+ Kxf4 47. Bd5 Re8 48. Bc7+ Kf5 49. Bf3 1-0

[Event "Hollowach Challenge"]
[Site "Edmonton CAN"]
[Date "2006.05.11"]
[Round "2"]
[White "Ostapchuk, David"]
[Black "Karmali, Hafiz"]
[Result "0-1"]
[WhiteElo "1773"]
[BlackElo "2016"]
[PlyCount "72"]
[EventDate "2006.05.04"]
[EventType "swiss"]
[EventRounds "4"]
[EventCountry "CAN"]

1. e4 c5 2. f4 Nc6 3. Nf3 e6 4. Bb5 Nd4 5. Nxd4 cxd4 6. O-O Bc5 7. Kh1 Ne7 8.
Qh5 Qb6 9. a4 a6 10. Bd3 h6 11. Na3 d5 12. c3 dxc3 13. dxc3 Bd7 14. b4 Be3 15.
a5 Qa7 16. Bb2 dxe4 17. Nc4 exd3 18. Nd6+ Kd8 19. Nxf7+ Kc8 20. Nxh8 Nf5 21.
Nf7 Kc7 22. c4 Bd4 23. b5 axb5 24. cxb5 Bxb5 25. Rfc1+ Bc6 26. Ne5 Rf8 27. Nxd3
Bxb2 28. Nxb2 Qd4 29. Qe2 Qxf4 30. Qxe6 Qf2 31. Qe5+ Kc8 32. Rg1 Re8 33. Nd3
Rxe5 34. Nxf2 Ng3+ 35. hxg3 Rh5+ 36. Nh3 Rxh3# 0-1

[Event "Hollowach Challenge"]
[Site "Edmonton CAN"]
[Date "2006.05.18"]
[Round "3"]
[White "Pedersen, Rick"]
[Black "Rekhson, Vladislav"]
[Result "0-1"]
[WhiteElo "1801"]
[BlackElo "2010"]
[PlyCount "76"]
[EventDate "2006.05.04"]
[EventType "swiss"]
[EventRounds "4"]
[EventCountry "CAN"]

1. e4 c5 2. g3 d6 3. Bg2 Nf6 4. Nc3 Nc6 5. Nge2 e6 6. O-O Be7 7. b3 O-O 8. Bb2
Rb8 9. a4 a6 10. d4 cxd4 11. Nxd4 Qc7 12. Kh1 b6 13. Nxc6 Qxc6 14. e5 Nd5 15.
Nxd5 exd5 16. Bxd5 Qc7 17. Re1 Rd8 18. e6 fxe6 19. Qg4 Bf8 20. Bxe6+ Kh8 21. c4
d5 22. cxd5 Rxd5 23. Qf3 Rd8 24. Bxc8 Rbxc8 25. Rac1 Bc5 26. Be5 Qd7 27. Rcd1
Qh3 28. Qf7 Qh6 29. Rxd8+ Rxd8 30. Bc7 Qc6+ 31. Kg1 Rf8 32. Re6 Qd5 33. Qxf8+
Bxf8 34. Re8 Qf7 35. Rd8 Qe7 36. Bxb6 h5 37. Rc8 Kh7 38. Ra8 Qe1+ 0-1

[Event "Hollowach Challenge"]
[Site "Edmonton CAN"]
[Date "2006.05.25"]
[Round "4"]
[White "Procyshyn, Jeff"]
[Black "Hughey, Micah"]
[Result "0-1"]
[WhiteElo "1376"]
[BlackElo "2020"]
[PlyCount "50"]
[EventDate "2006.05.04"]
[EventType "swiss"]
[EventRounds "4"]
[EventCountry "CAN"]

1. b3 e5 2. Bb2 Nc6 3. e3 d5 4. h3 Nf6 5. c4 d4 6. exd4 exd4 7. Na3 d3 8. Qf3
Nb4 9. Bc3 Bc5 10. Bxb4 Qe7+ 11. Qe3 Bxb4 12. Qxe7+ Kxe7 13. Nb5 c6 14. a3 Ba5
15. Nc3 Bxc3 16. dxc3 Bf5 17. Nf3 Rad8 18. Rd1 Rhe8 19. Ne5 Kf8 20. f4 Nh5 21.
g4 Be4 22. Rh2 Nxf4 23. Rhd2 Rxe5 24. Bxd3 Bxd3+ 25. Kf2 Nxh3+ 0-1

[Event "Hollowach Challenge"]
[Site "Edmonton CAN"]
[Date "2006.05.25"]
[Round "4"]
[White "Pua, Richard"]
[Black "Ostapchuk, David"]
[Result "1-0"]
[WhiteElo "1833"]
[BlackElo "1773"]
[PlyCount "97"]
[EventDate "2006.05.04"]
[EventType "swiss"]
[EventRounds "4"]
[EventCountry "CAN"]

1. d4 Nf6 2. Bg5 Ne4 3. Bf4 e6 4. Nf3 Bd6 5. Bxd6 cxd6 6. Nbd2 d5 7. e3 O-O 8.
c4 Qa5 9. cxd5 Nxd2 10. Qxd2 Qxd5 11. Bd3 b6 12. e4 Qh5 13. Rc1 Qg4 14. Qg5
Qxg5 15. Nxg5 Ba6 16. Kd2 Bxd3 17. Kxd3 Nc6 18. a3 Rac8 19. Rc3 Ne7 20. Rhc1
Rxc3+ 21. Rxc3 Rc8 22. Rxc8+ Nxc8 23. e5 d5 24. exd6 Nxd6 25. Ne4 Nb7 26. Kc4
a6 27. g4 Na5+ 28. Kd3 Kf8 29. Nd6 b5 30. b4 Nc6 31. Ke4 Ke7 32. Nb7 f5+ 33.
gxf5 exf5+ 34. Kd5 Nb8 35. Nc5 g6 36. f4 Nd7 37. Nxa6 Nf6+ 38. Kc6 g5 39. fxg5
Ne4 40. Nc7 Nxg5 41. Nxb5 f4 42. Nc3 f3 43. Nd1 Nf7 44. Nf2 Nd8+ 45. Kd5 Ne6
46. a4 Nc7+ 47. Kc6 Ne6 48. d5 Nd4+ 49. Kc7 1-0

[Event "Hollowach Challenge"]
[Site "Edmonton CAN"]
[Date "2006.05.25"]
[Round "4"]
[White "Stark, Mark"]
[Black "Karmali, Hafiz"]
[Result "0-1"]
[WhiteElo "1874"]
[BlackElo "2016"]
[PlyCount "48"]
[EventDate "2006.05.04"]
[EventType "swiss"]
[EventRounds "4"]
[EventCountry "CAN"]

1. Nf3 d5 2. d4 c6 3. g3 e6 4. Bg2 Bd6 5. O-O f5 6. Nbd2 Nf6 7. Ne5 Nbd7 8.
Ndf3 O-O 9. c4 Ne4 10. Qc2 g5 11. Nxd7 Bxd7 12. Ne5 h6 13. f3 Nf6 14. e4 Kg7
15. Nxd7 Nxd7 16. e5 Be7 17. c5 b6 18. b4 a5 19. f4 axb4 20. cxb6 Qxb6 21. Be3
Ra3 22. Bf2 Rfa8 23. Rac1 Nb8 24. Ra1 b3 0-1

[Event "Hull CC XXVII anniversaire A"]
[Site "Gatineau CAN"]
[Date "2006.09.12"]
[Round "1"]
[White "Brousseau, Yvan"]
[Black "Libersan, Mattieu"]
[Result "1-0"]
[WhiteElo "2059"]
[BlackElo "1911"]
[PlyCount "71"]
[EventDate "2006.09.12"]
[EventType "swiss"]
[EventRounds "5"]
[EventCountry "CAN"]

1. b3 e5 2. Bb2 Nc6 3. e3 d5 4. Bb5 Bd6 5. f4 Qe7 6. Nf3 Bg4 7. Bxe5 Bxe5 8.
fxe5 Bxf3 9. Qxf3 Qxe5 10. Nc3 Nf6 11. O-O O-O 12. Bxc6 bxc6 13. Qf4 Rfe8 14.
Qxe5 Rxe5 15. Rf4 Ne4 16. Nxe4 dxe4 17. Kf2 Rd8 18. Ke2 Red5 19. Rd1 f5 20. g4
g6 21. gxf5 gxf5 22. d4 Rf8 23. Rg1+ Kh8 24. Rg5 c5 25. c4 Rd6 26. Rgxf5 Rxf5
27. Rxf5 cxd4 28. exd4 Rxd4 29. Rf7 Rd3 30. Rxc7 Rh3 31. Rxa7 h5 32. c5 h4 33.
c6 Rxh2+ 34. Ke3 Rg2 35. Ra8+ Kh7 36. c7 1-0

[Event "Hull CC XXVII anniversaire A"]
[Site "Gatineau CAN"]
[Date "2006.09.12"]
[Round "1"]
[White "Cossette, Daniel"]
[Black "Pepin, Christian"]
[Result "1-0"]
[WhiteElo "2093"]
[BlackElo "2095"]
[PlyCount "61"]
[EventDate "2006.09.12"]
[EventType "swiss"]
[EventRounds "5"]
[EventCountry "CAN"]

1. e4 c6 2. d4 d5 3. exd5 cxd5 4. c4 Nf6 5. Nc3 g6 6. Qb3 Bg7 7. cxd5 O-O 8. g3
e6 9. dxe6 Re8 10. Be3 Bxe6 11. Bc4 Qxd4 12. Bxe6 Rxe6 13. Qxe6 Qxc3+ 14. bxc3
fxe6 15. Ne2 Nc6 16. O-O Nd5 17. Bd2 Ne5 18. Nd4 Nc4 19. Be1 Kf7 20. Rb1 b6 21.
f4 Rc8 22. Rf3 Nd6 23. Rd1 Ne4 24. Ne2 Ke7 25. Rfd3 Nexc3 26. Nxc3 Bxc3 27.
Bxc3 Rxc3 28. Rxc3 Nxc3 29. Rd3 Nd5 30. Kf2 b5 31. Ra3 1-0

[Event "Hull CC XXVII anniversaire A"]
[Site "Gatineau CAN"]
[Date "2006.09.12"]
[Round "1"]
[White "Forget, David"]
[Black "Gagnon, Fabien"]
[Result "1/2-1/2"]
[WhiteElo "1900"]
[BlackElo "2030"]
[PlyCount "65"]
[EventDate "2006.09.12"]
[EventType "swiss"]
[EventRounds "5"]
[EventCountry "CAN"]

1. d4 Nf6 2. c4 c5 3. d5 b5 4. cxb5 a6 5. bxa6 Bxa6 6. Nc3 g6 7. e4 Bxf1 8.
Kxf1 d6 9. g3 Bg7 10. Kg2 O-O 11. Nf3 Nbd7 12. Re1 Qc7 13. Bf4 Rfb8 14. Qc2 Nh5
15. Bg5 Nhf6 16. Ne2 Qb6 17. b3 Ng4 18. Rab1 Ngf6 19. Nc3 h6 20. Bf4 g5 21. Bc1
Ng4 22. h3 Nge5 23. Nxe5 Nxe5 24. Bb2 Qa6 25. Red1 c4 26. bxc4 Qxc4 27. Ba1 Rc8
28. Qb3 Qa6 29. Qb7 Ng6 30. Qxa6 Rxa6 31. Rdc1 Bxc3 32. Rb3 Rxa2 33. Rbxc3
1/2-1/2

[Event "Hull CC XXVII anniversaire A"]
[Site "Gatineau CAN"]
[Date "2006.09.12"]
[Round "1"]
[White "Mai, Lloyd"]
[Black "Laurin, Jacques"]
[Result "1-0"]
[WhiteElo "2023"]
[BlackElo "1858"]
[PlyCount "73"]
[EventDate "2006.09.12"]
[EventType "swiss"]
[EventRounds "5"]
[EventCountry "CAN"]

1. e4 d6 2. f4 Nf6 3. d3 Nc6 4. c3 e5 5. Be2 Be7 6. Nf3 exf4 7. Bxf4 Nh5 8. Be3
Bg4 9. O-O O-O 10. Nbd2 Nf6 11. b4 Qd7 12. h3 Bxh3 13. gxh3 Qxh3 14. Qe1 Ng4
15. Bf4 Bf6 16. d4 g5 17. Qg3 Qxg3+ 18. Bxg3 Ne3 19. Rfc1 h5 20. Nc4 Ng4 21. b5
Ne7 22. Nh2 Nxh2 23. Bxh2 g4 24. Rf1 Bg5 25. Bf4 f6 26. Ne3 Ng6 27. Bc4+ Kh7
28. Bxg5 fxg5 29. Nd5 Nf4 30. e5 dxe5 31. dxe5 Rad8 32. e6 Nxd5 33. Rxf8 Rxf8
34. Bxd5 Re8 35. Re1 b6 36. e7 Kg7 37. Bc6 1-0

[Event "Hull CC XXVII anniversaire A"]
[Site "Gatineau CAN"]
[Date "2006.09.19"]
[Round "2"]
[White "Arsenault, Michel"]
[Black "Cossette, Daniel"]
[Result "0-1"]
[WhiteElo "2053"]
[BlackElo "2093"]
[PlyCount "50"]
[EventDate "2006.09.12"]
[EventType "swiss"]
[EventRounds "5"]
[EventCountry "CAN"]

1. c4 e6 2. g3 d5 3. Bg2 c5 4. Nf3 Nf6 5. O-O Nc6 6. cxd5 exd5 7. d4 Be7 8. Nc3
O-O 9. dxc5 d4 10. Na4 Bf5 11. Ne1 Qd7 12. Bd2 Bh3 13. b4 Bxg2 14. Nxg2 Rad8
15. Nb2 Ne4 16. Nd3 Bf6 17. Be1 Rfe8 18. b5 Ne7 19. Qa4 Nd5 20. c6 bxc6 21.
bxc6 Qd6 22. Qxa7 Qxc6 23. Nb4 Nxb4 24. Bxb4 Ra8 25. Rac1 Qxc1 0-1